Open Data Biblioteca Nacional de Portugal


República Portuguesa: Ministério da Cultura
Biblioteca Nacional de Portugal

Catálogo da BNP: acesso por Identificadores Unívocos
Registos Bibliográficos associados ao registo de autoridade

Etiqueta de registo: 00230nam 2200025 450
001 2187902
003 http://id.bnportugal.gov.pt/bib/catbnp/2187902
010 ## $a978-989-9061-26-2
021 ## $aPT$b535717/24
100 ## $a20241002d2024 a y0pory01030103ba
101 1# $aporfre
102 ## $aPT
105 ## $aa z 000fy
106 ## $ar
200 1# $a As peças mais pequenas$etudo o que vemos é feito do que não vemos$fMiriam Alves$gil. Yara Kono$grev. científica Carlos Fiolhais
205 ## $a1ª ed
210 #9 $a[S.l.]$cPlaneta Tangerina,$d2024
215 ## $a73, [5] p.$cil.$d27 cm
675 ## $a087.5$vBN$zpor$3287999
675 ## $a57(0.053.5)$vBN$zpor$31407275
700 #1 $92$aAlves,$bMiriam$31929862
701 #1 $aKono,$bYara,$f1972-$4440$31431355
702 #1 $aFiolhais,$bCarlos,$f1956-$4695$325243
801 #0 $aPT$bBN$gRPC
856 41 $uhttp://rnod.bnportugal.gov.pt/ImagesBN/winlibimg.aspx?skey=&doc=2187902&img=199634&save=true
900 ## $aBIBNAC$d20241105
966 ## $lBN$mFGMON$sP. 67794 V.$x1
966 ## $lBN$mFGMON$sP. 67794 V.-D$x1
971 ## $corlando$d20241002
972 ## $e0$z0$d20241105$viquintas
973 ## $cigoulao$d20241015

Etiqueta de registo: 00254nam 2200025 450
001 2287947
003 http://id.bnportugal.gov.pt/bib/catbnp/2287947
010 ## $a978-989-589-400-0
021 ## $aPT$b558083/25
100 ## $a20260616d2026 d y0pory01030103ba
101 0# $apor
102 ## $aPT
105 ## $aa z 000yy
106 ## $ar
200 1# $aTu bebes a água que um dinossauro bebeu$fDiana Matias, Miriam Alves$gil. Filipa Beleza$grev. cient. Zita Martins
205 ## $a1ª ed
210 #9 $aLisboa$cNuvem de Letras,$d2026
215 ## $a[54] p.$cil.$d26 cm
225 2# $aLilliput
700 #1 $92$aMatias,$bDiana$32000680
701 #1 $92$aAlves,$bMiriam$31929862
702 #1 $aBeleza,$bFilipa,$f1992-$4440$31810129
702 #1 $aMartins,$bZita Carla Torrão Pinto,$f1979-$4695$31656896
801 #0 $aPT$bBN$gRPC
966 ## $lBN$mFGMON$x1
966 ## $lBN$mFGMON$x1
971 ## $corlando$d20260616

OpendataBNP@bnportugal.pt | Mais informação sobre acesso aos dados BNP